000 00728nam a22002297a 4500
003 0
005 20250331103716.0
008 250329b xxu||||| |||| 00| 0 eng d
020 _a978-0-357-92962-9
050 _aHF 5681
_b.W37 2025
100 _aWarren, Carl S.
245 _aCorporate financial accounting
_cCarl S. Warren and two others
250 _aSeventeenth edition
260 _aMason, Ohio
_bCengage
_c2025
300 _axxii, 755 pages :
_bcolored illustartions ;
_c28cm.
504 _aIncludes appendix, glossary, and index.
650 _aCorporate Financial Accounting.
650 _aFinancial Accounting.
700 _aJones, Jefferson P.
700 _aTayler, William B.
942 _2lcc
_cBK
999 _c367348
_d367348